| 000 | 01541cam a22003494a 4500 | ||
|---|---|---|---|
| 001 | 11881008 | ||
| 003 | ARRUPE | ||
| 005 | 20211013104227.0 | ||
| 008 | 000104s2000 enka b 001 0 eng | ||
| 010 | _a 00020291 | ||
| 020 | _a0195126165 (alk. paper) | ||
| 040 |
_aDLC _cDLC _dDLC |
||
| 042 | _apcc | ||
| 050 | 0 | 0 |
_aHD53 _b.V63 2000 |
| 082 | 0 | 0 |
_a658.4/038 _221 |
| 100 | 1 |
_aVon Krogh, George. _950390 |
|
| 245 | 1 | 0 |
_aEnabling knowledge creation : _bhow to unlock the mystery of tacit knowledge and release the power of innovation / _cGeorg von Krogh, Kazuo Ichijo, Ikujiro Nonaka. |
| 260 |
_aOxford ; _aNew York : _bOxford University Press, _c2000. |
||
| 300 |
_ax, 292 p. : _bill. ; _c25 cm. |
||
| 504 | _aIncludes bibliographical references (p. 275-282) and index. | ||
| 650 | 0 |
_aCreative ability in business. _912289 |
|
| 650 | 0 |
_aOrganizational learning. _944154 |
|
| 650 | 0 |
_aCommunication in management. _950391 |
|
| 650 | 0 |
_aKnowledge management. _950392 |
|
| 700 | 1 |
_aIchijō, Kazuo, _d1958- _950393 |
|
| 700 | 1 |
_aNonaka, Ikujirō, _d1935- _950394 |
|
| 856 | 4 | 2 |
_3Publisher description _uhttp://www.loc.gov/catdir/enhancements/fy0609/00020291-d.html |
| 856 | 4 | 2 |
_3Contributor biographical information _uhttp://www.loc.gov/catdir/enhancements/fy0724/00020291-b.html |
| 906 |
_a7 _bcbc _corignew _d1 _eocip _f20 _gy-gencatlg |
||
| 942 |
_2lcc _cMONOGRAPH |
||
| 999 |
_c130764 _d130764 |
||